| 000 | 00713nam a2200217 a 4500 | ||
|---|---|---|---|
| 001 | 000025078 | ||
| 005 | 20200930023541.0 | ||
| 008 | 110209s1987 sp r 000 p spa d | ||
| 040 |
_aDO-SdBNP _bspa _cBNPHU |
||
| 082 |
_a861.64 _bL925L |
||
| 100 | 1 |
_aLozano Gracian, José Manuel. _951464 |
|
| 245 | 1 | 0 |
_aLuz en los espejos para una sola imagen / _cJose Manuel Lozano Gracian. |
| 260 |
_aZaragoza : _bInstitución Fernando el Católico, _c1987. |
||
| 300 |
_a58 p. ; _c24 cm. |
||
| 490 | 1 |
_aSan Jorge. _v52 |
|
| 586 | _aAccesit al premio "Isabel de Portugal", 1987. | ||
| 650 | 4 |
_aPoesía española _9631 |
|
| 650 | 4 |
_aLiteratura española _ySIGLO XXI _94846 |
|
| 830 | 0 |
_aSan Jorge _v52 _914367 |
|
| 049 | _aBNGR | ||
| 999 |
_c24571 _d24571 |
||